• 首页
  • 本馆介绍
  • 公告通知
  • 最新文献
  • 馆藏检索
  • 电子资源
  • 读者导购
  • 参考咨询
  • 我的图书馆
  • 登录
  • 详细信息显示
  • 放入我的书架
  • 预约/预借图书
  • 作者相关作品
  • 分类相关作品
  • 丛书相关作品
  • 出版社相关作品

书目信息

  • 表格格式
  • 工作单格式
  • 卡片格式
题名:
低碳 能源和区域经济发展
    
 
作者: 师颖新 著
分册:  
出版信息: 北京   光明日报出版社  2012.8
页数: 213页
开本: 24cm
丛书名:
单 册:
中图分类: F407.2
科图分类:
主题词: 节能--能源经济--区域经济发展--经济模型--研究
电子资源:
ISBN: 978-7-5112-3259-5
000 01371nam0 2200265 45
001 1356800624
005 20130515093046.65
010    @a978-7-5112-3259-5@dCNY43.00
100    @a20130108d2012 em y0chiy0121 ea
101 0  @achi
102    @aCN@b110000
105    @aak a 000yy
106    @ar
200 1  @a低碳 能源和区域经济发展@ADi Tan Neng Yuan He Qu Yu Jing Ji Fa Zhan@e基于可计算一般均衡模型的分析@EJi Yu Ke Ji Suan Yi Ban Jun Heng Mo Xing De Fen Xi@dLow carbon, energy and regional economy development@eanalysis based on computable general equilibrium models@f师颖新著@FShi Ying Xin Zhu@zeng
210    @a北京@c光明日报出版社@d2012.8
215    @a213页@c图@d24cm
320    @a有书目 (第207-211页)
330    @a该书以可计算一般均衡模型为基础, 构建了地区、区域、全国、国际不同层面的CGE模型, 对碳汇市场、碳交易、扩大内需、劳动力成本上升、能源补贴、能源环境技术的国际合作等热点问题, 进行了深入的理论分析, 并结合实际提出了相应的政策建议。
510 1  @aLow carbon, energy and regional economy development@eanalysis based on computable general equilibrium models@zeng
517 1  @a基于可计算一般均衡模型的分析@AJi Yu Ke Ji Suan Yi Ban Jun Heng Mo Xing De Fen Xi
606 0  @a节能@x能源经济@x区域经济发展@x经济模型@x研究
690    @aF407.2@v5
701  0 @a师颖新@AShi Ying Xin@4著
801    @aCN@bTANGWEI@c20130108
905    @b0829581-85@dF407.2@e211@f5
    
    低碳 能源和区域经济发展:基于可计算一般均衡模型的分析=Low carbon, energy and regional economy development:analysis based on computable general equilibrium models/师颖新著.-北京:光明日报出版社,2012.8
    213页:图;24cm
    
    
    ISBN 978-7-5112-3259-5:CNY43.00
    该书以可计算一般均衡模型为基础, 构建了地区、区域、全国、国际不同层面的CGE模型, 对碳汇市场、碳交易、扩大内需、劳动力成本上升、能源补贴、能源环境技术的国际合作等热点问题, 进行了深入的理论分析, 并结合实际提出了相应的政策建议。
●
相关链接 在E读中查询图书 在五车中查询图书 在当当中查询图书 在豆瓣中查询图书


正题名:低碳 能源和区域经济发展     索取号:F407.2/211         预约/预借

序号 登录号 条形码 馆藏地/架位号 状态 备注
1 0829581   208295815   第一样本阅览室/ [索取号:F407.2/211] 在馆    
2 0829582   208295824   第一借阅区/ [索取号:F407.2/211] 在馆    
3 0829583   208295833   第一借阅区/ [索取号:F407.2/211] 在馆    
4 0829584   208295842   第一借阅区/ [索取号:F407.2/211] 在馆    
5 0829585   208295851   第一借阅区/ [索取号:F407.2/211] 在馆    
唐山师范学院图书馆 欢迎您!
大连网信软件有限公司© 版权所有